000
00269nam a22001217a 4500
003
OSt
008
150215b xxu||||| |||| 00| 0 eng d
100
1
_a
Sutton, R. J. ED
041
_a
eng
245
1
0
_a
The Stamp Collector,s Encylopaedia
260
_b
1959
300
_a
0 pages
999
_c
655
_d
655